El banco de la nación Argentina como sociedad anónima (Registro nro. 21651)
[ vista simple ]
| 000 -LEADER | |
|---|---|
| fixed length control field | 00398 a2200121 4500 |
| 001 - CONTROL NUMBER | |
| control field | ART_62321 |
| 005 - DATE AND TIME OF LATEST TRANSACTION | |
| control field | 20260410161813.0 |
| 008 - FIXED-LENGTH DATA ELEMENTS--GENERAL INFORMATION | |
| fixed length control field | 260409a |
| 100 1# - MAIN ENTRY--PERSONAL NAME | |
| Personal name | Barreira Delfino, Eduardo A. |
| 245 10 - TITLE STATEMENT | |
| Title | El banco de la nación Argentina como sociedad anónima |
| 700 1# - ADDED ENTRY--PERSONAL NAME | |
| Personal name | Camerini, Marcelo A. |
| 773 0# - HOST ITEM ENTRY | |
| Title | Doctrina Societaria y Concursal |
| Related parts | - Nº 441 (feb./mar. 2025) |
| Record control number | REV4298 |
No hay ítems disponibles.